Vice uxor: notas sobre el concubinato en España desde la recepción del derecho común

Uloženo v:
Podrobná bibliografie
Hlavní autor: Rodríguez Gil, Magdalena (Autor)
Médium: Kniha
Jazyk:španělština
Vydáno: Madrid Universidad Complutense de Madrid 1998
Edice:Colección Monografías
Témata:
Tagy: Přidat tag
Žádné tagy, Buďte první, kdo vytvoří štítek k tomuto záznamu!

MARC

LEADER 00000nam a2200000 a 4500
001 UCP6112
003 CL-VaPUC
008 991008e19980000SP |||||||||||||||||spa|d
082 0 4 |a 340.54  |b ROD  |2 21 
100 0 |a Rodríguez Gil, Magdalena  |e author  |9 434956 
245 1 0 |a Vice uxor: notas sobre el concubinato en España desde la recepción del derecho común 
300 |a 205 p 
942 |c BK 
945 |d 19991008 00:00:00  |a vberengu 
260 |a Madrid  |b Universidad Complutense de Madrid  |c 1998 
650 7 |a CONCUBINATO  |2 CL-VaPUC  |9 385384 
650 7 |a DERECHO CANONICO  |2 CL-VaPUC  |9 434957 
650 0 |a Derecho romano  |9 255930 
650 0 |a Familias   |9 255641 
650 0 |a Ideologías  |9 255200 
650 0 |a Matrimonio canónico   |9 379164 
651 0 |a España  |9 254926 
583 |a last modification  |c 19991008 00:00:00  |k Rodrigo Vera 
490 0 |a Colección Monografías 
999 |c 283733  |d 283731 
952 |0 0  |1 0  |4 0  |6 340_540000000000000_ROD_1998  |7 0  |8 DER_ROM  |9 327151  |a BIBDER  |b BIBDER  |d 2019-11-20  |i 3536017  |o 340.54 ROD 1998  |p 3536017  |r 2023-01-25  |w 2019-11-20  |x Ubicación 4to piso  |y BK  |z Este recurso debe solicitarse con anticipación  |k DER